| 000 | 00393nam a2200181#a 4500 | ||
|---|---|---|---|
| 001 | 01563 | ||
| 003 | HDC | ||
| 007 | ta | ||
| 008 | 230623s2023 xx 000 0 eng d | ||
| 020 | _a9789834123819 (pbk) | ||
| 040 | _aHDC | ||
| 050 |
_aHC411 _b.A83 2009 |
||
| 245 | 0 |
_aAsia's emerging gems : _binvestment brief. |
|
| 942 | _2lcc | ||
| 942 | _cBK | ||
| 942 | _kHC411 | ||
| 942 | _m.A83 2009 | ||
| 999 |
_c23129 _d23129 |
||